Archivovanie a uchovávanie agendy

Bibliographic Details
Main Author: Gášpárová, Eva (Author)
Format: Article
Language:Slovak
ISSN:1335-0897
Subjects:

MARC

LEADER 00000nab a2200000 ar4500
001 vtls008998234
003 SK-MaSNL
005 20260303065836.0
008 070612c2007 xo mr|p|||||||000 b|slo
015 |a SNBRB2007/06  |2 snkbucl 
038 |a SNKBUCL 
040 |a SNKBUCL  |b slo  |c SNKBUCL  |e AACR2 
041 |a slo 
044 |a xo  |c SK 
080 |a 651.5  |2 1997 
100 1 |a Gášpárová, Eva  |4 aut  |9 84872 
245 1 0 |a Archivovanie a uchovávanie agendy  |c Eva Gášparová 
650 0 7 |a písomnosti  |x uchovávanie  |2 snkbucl  |9 1066448 
650 0 7 |a agenda  |x uchovávanie  |2 snkbucl  |9 1066449 
773 0 |t Daňový a účtovný poradca podnikateľa  |g Č. 9 (2007), s. 159-171  |x 1335-0897 
852 |a SNK  |b KIS3GCP 
999 |c 1752962  |d 1754892